00466pab a2200145 454500008004000000100002100040245012900061260000900190300001500199362000800214650001900222650003400241650002500275773002000300180718b2002 xxu||||| |||| 00| 0 eng d aAjzenstadt, Mimi aCrime, social control, and the process of social classification: juvenile delinquency/justice discourse in Israel, 1948-1970 c2002 ap.585-604. aNov aCrime - Israel aJuvenile delinquency - Israel aJuvenile delinquency aSocial Problems